Introduction to Special Relativity /

Gardado en:
Detalles Bibliográficos
Autor Principal: Rindler, Wolfgang (autor)
Formato: Libro
Idioma:inglés
Publicado: Oxford, Inglaterra : Oxford University, 2001, c1991
Edición:2a edición
Temas:
Etiquetas: Engadir etiqueta
Sen Etiquetas, Sexa o primeiro en etiquetar este rexistro!

MARC

LEADER 00000nam^a2200000^a^4500
001 000136528
005 20250521000000.0
009 20260310095322.748
020 |a 0-19-853952-5 
037 |a Acervo ITESO - Biblioteca 
041 |a ING 
082 |a 530. 11  |b RIN 
100 |a Rindler, Wolfgang  |e (autor) 
245 1 0 |a Introduction to Special Relativity /  |c W. Rindler. 
250 |a 2a edición 
264 4 |a Oxford, Inglaterra :  |b Oxford University,  |c 2001, c1991 
300 |a X, 169 p. 
336 |a texto  |b txt  |2 rdacontenido 
337 |a sin mediación  |b n  |2 rdamedio 
338 |a volumen  |b nc  |2 rdasoporte 
649 |a XX 
650 |a Espacio y Tiempo 
650 |a Electromagnetismo 
650 |a Vectores 
650 |a Relatividad (Física) 
650 |a Optica 
650 |a Cinemática Relativista 
650 |a Mecánica Relativista 
650 |a Matemáticas 
650 |a Física 
600 |a Mecánica Cuántica 
910 |a Fondo General 
920 |a Impresos - Libros 
930 |a Colección General 
905 |a 101 
901 |a 0500065346  |b IT1  |c ACC  |u 20250521 
902 |a https://opac.biblio.iteso.mx/vufind/Record/000136528